<?xml version="1.0" encoding="UTF-8"?>
<record
    xmlns:xsi="http://www.w3.org/2001/XMLSchema-instance"
    xsi:schemaLocation="http://www.loc.gov/MARC21/slim http://www.loc.gov/standards/marcxml/schema/MARC21slim.xsd"
    xmlns="http://www.loc.gov/MARC21/slim">

  <leader>00815cam a2200229 a 4500</leader>
  <controlfield tag="001">000004256</controlfield>
  <controlfield tag="005">20200929151422.0</controlfield>
  <controlfield tag="008">930901s1990    cu a          001 0 spa  </controlfield>
  <datafield tag="040" ind1=" " ind2=" ">
    <subfield code="a">DO-SdBNP</subfield>
    <subfield code="c">DLC</subfield>
    <subfield code="d">DLC</subfield>
  </datafield>
  <datafield tag="082" ind1=" " ind2=" ">
    <subfield code="a">796.525091</subfield>
    <subfield code="b">N964m</subfield>
  </datafield>
  <datafield tag="100" ind1="1" ind2=" ">
    <subfield code="a">N&#xFA;&#xF1;ez Jim&#xE9;nez, Antonio</subfield>
    <subfield code="d">1923-1998.</subfield>
    <subfield code="9">12579</subfield>
  </datafield>
  <datafield tag="245" ind1="1" ind2="0">
    <subfield code="a">Medio siglo explorando a Cuba :</subfield>
    <subfield code="b">historia documentada de la Sociedad Espeleol&#xF3;gica de Cuba /</subfield>
    <subfield code="c">Antonio N&#xFA;&#xF1;ez Jim&#xE9;nez.</subfield>
  </datafield>
  <datafield tag="260" ind1=" " ind2=" ">
    <subfield code="a">La Habana :</subfield>
    <subfield code="b">Central de las FAR,</subfield>
    <subfield code="c">1990.</subfield>
  </datafield>
  <datafield tag="300" ind1=" " ind2=" ">
    <subfield code="a">2 v. :</subfield>
    <subfield code="b">il. ;</subfield>
    <subfield code="c">25 cm.</subfield>
  </datafield>
  <datafield tag="504" ind1=" " ind2=" ">
    <subfield code="a">Incluye referencias bibliogr&#xE1;ficas.</subfield>
  </datafield>
  <datafield tag="610" ind1="2" ind2="0">
    <subfield code="a">SOCIEDAD ESPELEOL&#xD3;GICA DE CUBA</subfield>
    <subfield code="x">HISTORIA</subfield>
    <subfield code="9">12580</subfield>
  </datafield>
  <datafield tag="650" ind1=" " ind2="4">
    <subfield code="a">Espeleolog&#xED;a</subfield>
    <subfield code="9">12581</subfield>
  </datafield>
  <datafield tag="650" ind1=" " ind2="4">
    <subfield code="a">Geograf&#xED;a f&#xED;sica</subfield>
    <subfield code="9">12582</subfield>
  </datafield>
  <datafield tag="650" ind1=" " ind2="4">
    <subfield code="a">Cuevas</subfield>
    <subfield code="z">Cuba</subfield>
    <subfield code="9">12583</subfield>
  </datafield>
  <datafield tag="910" ind1=" " ind2=" ">
    <subfield code="a">Catalogaci&#xF3;n por copia / LC</subfield>
  </datafield>
  <datafield tag="910" ind1=" " ind2=" ">
    <subfield code="a">WM</subfield>
  </datafield>
  <datafield tag="952" ind1=" " ind2=" ">
    <subfield code="0">0</subfield>
    <subfield code="1">0</subfield>
    <subfield code="5">2</subfield>
    <subfield code="7">0</subfield>
    <subfield code="8">MO</subfield>
    <subfield code="a">GR</subfield>
    <subfield code="b">GR</subfield>
    <subfield code="c">HD</subfield>
    <subfield code="d">2009-07-20</subfield>
    <subfield code="i">LF1</subfield>
    <subfield code="l">0</subfield>
    <subfield code="o">796.525091 N964m | t.1, e.2</subfield>
    <subfield code="p">4256-10</subfield>
    <subfield code="r">2020-06-25</subfield>
    <subfield code="w">2020-06-25</subfield>
    <subfield code="y">2</subfield>
    <subfield code="Z">Pr&#xE9;stamo interno</subfield>
  </datafield>
  <datafield tag="952" ind1=" " ind2=" ">
    <subfield code="0">0</subfield>
    <subfield code="1">0</subfield>
    <subfield code="5">2</subfield>
    <subfield code="7">0</subfield>
    <subfield code="8">MO</subfield>
    <subfield code="a">GR</subfield>
    <subfield code="b">GR</subfield>
    <subfield code="c">HD</subfield>
    <subfield code="d">2009-07-20</subfield>
    <subfield code="i">LF1</subfield>
    <subfield code="l">0</subfield>
    <subfield code="o">796.525091 N964m | t.1</subfield>
    <subfield code="p">4256-20</subfield>
    <subfield code="r">2020-06-25</subfield>
    <subfield code="w">2020-06-25</subfield>
    <subfield code="y">2</subfield>
    <subfield code="Z">Pr&#xE9;stamo interno</subfield>
  </datafield>
  <datafield tag="952" ind1=" " ind2=" ">
    <subfield code="0">0</subfield>
    <subfield code="1">0</subfield>
    <subfield code="5">2</subfield>
    <subfield code="7">0</subfield>
    <subfield code="8">MO</subfield>
    <subfield code="a">GR</subfield>
    <subfield code="b">GR</subfield>
    <subfield code="c">HD</subfield>
    <subfield code="d">2009-09-19</subfield>
    <subfield code="i">LF1</subfield>
    <subfield code="l">0</subfield>
    <subfield code="o">796.525091 N964m | t.2</subfield>
    <subfield code="p">4256-30</subfield>
    <subfield code="r">2020-06-25</subfield>
    <subfield code="w">2020-06-25</subfield>
    <subfield code="y">2</subfield>
    <subfield code="Z">Pr&#xE9;stamo interno</subfield>
  </datafield>
  <datafield tag="952" ind1=" " ind2=" ">
    <subfield code="0">0</subfield>
    <subfield code="1">0</subfield>
    <subfield code="5">2</subfield>
    <subfield code="7">0</subfield>
    <subfield code="8">MO</subfield>
    <subfield code="a">GR</subfield>
    <subfield code="b">GR</subfield>
    <subfield code="c">HD</subfield>
    <subfield code="d">2009-09-19</subfield>
    <subfield code="i">LF1</subfield>
    <subfield code="l">0</subfield>
    <subfield code="o">796.525091 N964m | t.2, e.2</subfield>
    <subfield code="p">4256-40</subfield>
    <subfield code="r">2020-06-25</subfield>
    <subfield code="w">2020-06-25</subfield>
    <subfield code="y">2</subfield>
    <subfield code="Z">Pr&#xE9;stamo interno</subfield>
  </datafield>
  <datafield tag="999" ind1=" " ind2=" ">
    <subfield code="c">4070</subfield>
    <subfield code="d">4070</subfield>
  </datafield>
</record>
